| 000 | 00447nam a22001697a 4500 | ||
|---|---|---|---|
| 003 | MPLRDC | ||
| 005 | 20220104123807.0 | ||
| 008 | 210129b ||||| |||| 00| 0 eng d | ||
| 082 | _a528.21 LG-6 | ||
| 100 | _a雷鼓出版社编辑部 | ||
| 245 |
_a怎样使你的孩子更聪明 _c |
||
| 260 |
_a _b雷鼓出版社 _c1994 |
||
| 300 | _b平 | ||
| 490 | _a教育孩子101 招 | ||
| 650 | _a子女教育; 亲子教育 | ||
| 942 |
_cBK _o528.21 LG-6 |
||
| 999 |
_c14242 _d14232 |
||